Tous les talents de Pokémon - Statistiques

Statistiques générales
  • Ce quiz a été pris 22 fois
  • Le résultat moyen est 102 sur 305
Statistiques - réponses
Talent % Correct
Absorbe-Eau
91%
Pression
91%
Alerte Neige
82%
Brasier
82%
Crachin
82%
Intimidation
82%
Lévitation
82%
Torche
82%
Torrent
82%
Absorbe-Volt
73%
Brise Moule
73%
Corps Maudit
73%
Créa-Elec
73%
Créa-Herbe
73%
Créa-Psy
73%
Engrais
73%
Essaim
73%
Farceur
73%
Glissade
73%
Griffe Dure
73%
Isograisse
73%
Paléosynthèse
73%
Protéen
73%
Statik
73%
Tension
73%
Absorbe-Terre
64%
Air Lock
64%
Attention
64%
Coloforce
64%
Corps Ardent
64%
Cran
64%
Créa-Brume
64%
Fermeté
64%
Impudence
64%
Mer Primaire
64%
Régé-Force
64%
Sécheresse
64%
Absentéisme
55%
Anticipation
55%
Aura Féérique
55%
Aura Ténébreuse
55%
Chlorophylle
55%
Cœur de Coq
55%
Corps Sain
55%
Début Calme
55%
Egide Inflexible
55%
Garde Magik
55%
Garde Mystik
55%
Herbivore
55%
Imposteur
55%
Lavabo
55%
Lunatique
55%
Magnépiège
55%
Marque Ombre
55%
Mue
55%
Multiécaille
55%
Œil Composé
55%
Paratonnerre
55%
Pare-Balles
55%
Peau Dure
55%
Peau Féérique
55%
Peau Sèche
55%
Piège Sable
55%
Poing de Fer
55%
Prognathe
55%
Rideau Neige
55%
Sans Limite
55%
Technicien
55%
Télécharge
55%
Télépathe
55%
Terre Finale
55%
Toxitouche
55%
Turbo
55%
Acharné
45%
Adaptabilité
45%
Anti-Bruit
45%
Aura Inversée
45%
Baigne Sable
45%
Bajoues
45%
Battant
45%
Bênet
45%
Boost Chimère
45%
Charge Quantique
45%
Ciel Gris
45%
Contestation
45%
Endurance
45%
Epine de Fer
45%
Force Soleil
45%
Glu
45%
Hyper Cutter
45%
Lame Indomptable
45%
Libéro
45%
Magicien
45%
Médic Nature
45%
Moiteur
45%
Moteur à Hadrons
45%
Peau Céleste
45%
Peau Gelée
45%
Point Poison
45%
Regard Vif
45%
Sable Volant
45%
Soin Poison
45%
Souffle Delta
45%
Synchro
45%
Téra-Voltage
45%
Turbo Brasier
45%
Agitation
36%
Ailes Bourrasque
36%
Annule Garde
36%
Aquabulle
36%
Armurouillée
36%
Calque
36%
Chasse-Neige
36%
Cherche Miel
36%
Cœur Noble
36%
Corrosion
36%
Cuvette
36%
Déclic Tactique
36%
Délestage
36%
Force Pure
36%
Fouille
36%
Fuite
36%
Gloutonnerie
36%
Heavy Metal
36%
Hydratation
36%
Inconscient
36%
Infiltration
36%
Insomnia
36%
Joli Sourire
36%
Mauvais Rêve
36%
Miroir Magik
36%
Momie
36%
Multi-Coups
36%
Perles du Fléau
36%
Pickpocket
36%
Pose Spore
36%
Pouls Orichalque
36%
Punk Rock
36%
Querelleur
36%
Rage Poison
36%
Ramassage
36%
Rivalité
36%
Sérénité
36%
Téméraire
36%
Tête de Roc
36%
Turbine
36%
Vaccin
36%
Victorieux
36%
Amour Filial
27%
Animacœur
27%
Armumagma
27%
Banc
27%
Bois du Fléau
27%
Boom Final
27%
Boule de Poils
27%
Cœur Soin
27%
Coque Armure
27%
Corps Coloré
27%
Cruauté
27%
Danseuse
27%
Ecaille Spéciale
27%
Echauffement
27%
Epée du Fléau
27%
Expert Acier
27%
Expuls'Organes
27%
Fantômasque
27%
Flora-Voile
27%
Force Sable
27%
Garde-Ami
27%
Général Suprême
27%
Gluco-Voile
27%
Hypersommeil
27%
Ignifu-Voile
27%
Illusion
27%
Incisif
27%
Lentiteintée
27%
Méga Blaster
27%
Moins
27%
Motorisé
27%
Phobique
27%
Pied Véloce
27%
Plus
27%
Prioguérison
27%
Rage Brûlure
27%
Repli Tactique
27%
Sniper
27%
Synergie
27%
Tempo Perso
27%
Toison Epaisse
27%
Urne du Fléau
27%
Ventouse
27%
Analyste
18%
Aroma-Voile
18%
Batterie
18%
Blanche Ruade
18%
Bouclier-Carcan
18%
Chanceux
18%
Colérique
18%
Commandant
18%
Corps Condamné
18%
Corps en Or
18%
Défaitiste
18%
Dépôt Toxique
18%
Ecran Fumée
18%
Ecran Poudre
18%
Emprise Toxique
18%
Envelocape
18%
Esprit Vital
18%
Expul'Sable
18%
Feuille Garde
18%
Filtre
18%
Folle Furie
18%
Force Fongique
18%
Frein
18%
Homochromie
18%
Ignifugé
18%
Light Metal
18%
Maladresse
18%
Matinal
18%
Métallo-Garde
18%
Météo
18%
Nerfs d'Acier
18%
Normalise
18%
Osmose
18%
Peau Electrique
18%
Peau Miracle
18%
Poing Invisible
18%
Poisseux
18%
Prisme-Armure
18%
Ramasse Ball
18%
Rassemblement
18%
Récolte
18%
Sel Purificateur
18%
Simple
18%
Sombre Ruade
18%
Symbiose
18%
Système Alpha
18%
Téra-Carapace
18%
Thermodynamique
18%
Toison Herbue
18%
Turbine Eolienne
18%
Aéroporté
9%
Âme Vagabonde
9%
Armurbaston
9%
Armure Caudale
9%
Armure Miroir
9%
Bien Cuit
9%
Boost Acier
9%
Breuvage Suspect
9%
Cacophonie
9%
Cercle d'Energie
9%
Cérébro-Force
9%
Chaîne Toxique
9%
Chien de Garde
9%
Collab
9%
Déclic Fringale
9%
Dent du Dragon
9%
Don Floral
9%
Effilochage
9%
Entêtement
9%
Escampette
9%
Filature
9%
Force Mémorielle
9%
Grecharge
9%
Hydrata-Son
9%
Impassible
9%
Longue Portée
9%
Luminescence
9%
Mode Transe
9%
Mûrissement
9%
Nectar Mielleux
9%
Osmose Equine
9%
Pied Confus
9%
Prédiction
9%
Prestance Royale
9%
Propulseur
9%
Puanteur
9%
Receveur
9%
Semencier
9%
Solide Roc
9%
Spectro-Bouclier
9%
Suintement
9%
Supermutation
9%
Surf Caudal
9%
Tête de Gel
9%
Tir Vif
9%
Transistor
9%
Voile Pastel
9%
Aux Petits Soins
0%
Brise-Barrière
0%
Courroupace
0%
Dégobage
0%
Ecailles Glacées
0%
Gaz Inhibiteur
0%
Mèche Rebelle
0%
Mimétisme
0%
Mult-Type
0%
Odeur Tenace
0%
Œil Révélateur
0%
Opportuniste
0%
Porte Roche
0%
Ruminant
0%
Sable Humide
0%
Téraformation 0
0%
Téramorphose
0%
Aucun quiz correspondant
Distribution des résultats
% des personnes avec chaque résultat
Percentile par nombre de réponses
Votre historique - résultats
Vous n’avez pas pris ce quiz